header

Improving learning with information technology (Record no. 57505)

MARC details
000 -LEADER
fixed length control field 01792nam a2200373Ia 4500
245 00 - TITLE STATEMENT
Title Improving learning with information technology
260 ## - PUBLICATION, DISTRIBUTION, ETC. (IMPRINT)
Place of publication Washington, DC :
Name of publisher National Academy Press,
Year of publication c2002.
300 ## - PHYSICAL DESCRIPTION
Number of Pages xvi, 67 p.
490 1# - SERIES STATEMENT
Series statement Compass series
500 ## - GENERAL NOTE
General note "Center for Education, Division of Behavioral and Social Sciences and Education, National Research Council."
General note "Symposium on January 24-25, 2001"--Preface.
650 #0 - SUBJECT ADDED ENTRY--TOPICAL TERM
Topical Term Education
Topical Term Information technology
Topical Term Educational technology
Topical Term Action research in education
700 1# - ADDED ENTRY--PERSONAL NAME
Personal name Pritchard, Gail E.
856 40 - ELECTRONIC LOCATION AND ACCESS
Uniform Resource Identifier http://site.ebrary.com/lib/rucke/Doc?id=10038560

No items available.

© 2026 Rongo University
Contact us: librarian | system librarian | Rongo university